| 000 | 00374 a2200145 4500 | ||
|---|---|---|---|
| 005 | 20250626073658.0 | ||
| 020 | _a0-7167-2893-1 | ||
| 082 | _a519.5GUN. | ||
| 100 | _aGUNDLANCH, E. | ||
| 245 | _aThe Practice Of Business Statistics, | ||
| 250 | _a6th Ed | ||
| 260 |
_aNew York, _bW. H, Freeman And Company, _c2009. |
||
| 300 |
_a281p.; Ill.; table, _c27cm. |
||
| 942 |
_2ddc _cBKS |
||
| 999 |
_c5218 _d5218 |
||